<?xml version="1.0" encoding="UTF-8"?><?xml-stylesheet type="text/xsl" href="static/style.xsl"?><OAI-PMH xmlns="http://www.openarchives.org/OAI/2.0/" xmlns:xsi="http://www.w3.org/2001/XMLSchema-instance" xsi:schemaLocation="http://www.openarchives.org/OAI/2.0/ http://www.openarchives.org/OAI/2.0/OAI-PMH.xsd"><responseDate>2026-06-05T13:21:32Z</responseDate><request verb="GetRecord" identifier="oai:riuma.uma.es:10630/37480" metadataPrefix="marc">https://riuma.uma.es/rest/oai/request</request><GetRecord><record><header><identifier>oai:riuma.uma.es:10630/37480</identifier><datestamp>2026-02-03T11:26:15Z</datestamp><setSpec>com_10630_2254</setSpec><setSpec>col_10630_37953</setSpec></header><metadata><record xmlns="http://www.loc.gov/MARC21/slim" xmlns:dcterms="http://purl.org/dc/terms/" xmlns:doc="http://www.lyncode.com/xoai" xmlns:xsi="http://www.w3.org/2001/XMLSchema-instance" xsi:schemaLocation="http://www.loc.gov/MARC21/slim http://www.loc.gov/standards/marcxml/schema/MARC21slim.xsd">
   <leader>00925njm 22002777a 4500</leader>
   <datafield ind2=" " ind1=" " tag="042">
      <subfield code="a">dc</subfield>
   </datafield>
   <datafield ind2=" " ind1=" " tag="720">
      <subfield code="a">Madurell-Malapeira, Joan</subfield>
      <subfield code="e">author</subfield>
   </datafield>
   <datafield ind2=" " ind1=" " tag="720">
      <subfield code="a">Minwewr-Barakat, Raef</subfield>
      <subfield code="e">author</subfield>
   </datafield>
   <datafield ind2=" " ind1=" " tag="720">
      <subfield code="a">Alba, David</subfield>
      <subfield code="e">author</subfield>
   </datafield>
   <datafield ind2=" " ind1=" " tag="720">
      <subfield code="a">Garcés, Jose María</subfield>
      <subfield code="e">author</subfield>
   </datafield>
   <datafield ind2=" " ind1=" " tag="720">
      <subfield code="a">Gómez, M.</subfield>
      <subfield code="e">author</subfield>
   </datafield>
   <datafield ind2=" " ind1=" " tag="720">
      <subfield code="a">Aurell-Garrido, Jose</subfield>
      <subfield code="e">author</subfield>
   </datafield>
   <datafield ind2=" " ind1=" " tag="720">
      <subfield code="a">Ros-Montoya, Sergio</subfield>
      <subfield code="e">author</subfield>
   </datafield>
   <datafield ind2=" " ind1=" " tag="720">
      <subfield code="a">Moyà-Solà, Salvador</subfield>
      <subfield code="e">author</subfield>
   </datafield>
   <datafield ind2=" " ind1=" " tag="720">
      <subfield code="a">Berástegui, Xavier</subfield>
      <subfield code="e">author</subfield>
   </datafield>
   <datafield ind2=" " ind1=" " tag="260">
      <subfield code="c">2010</subfield>
   </datafield>
   <datafield ind2=" " ind1=" " tag="520">
      <subfield code="a">The late Early to early Middle Pleistocene section from Torrent de Vallparadís is a 20 m-thick, composite section with multiple stratigraphic horizons, which have yielded close to 30,000 remains of large and small vertebrates, as well as macrobotanical remains of non-carbonized wood and a complete pollen record. This series is well correlated on the basis of magnetostratigraphic and small mammal biostratigraphic data, ranging from 1.2 to 0.6 Ma. There are only a few other European localities recording this time interval from a faunal, floral and stratigraphical perspective, so that the Vallparadís series provides a unique opportunity to investigate the faunal and environmental changes that occurred in south-western Europe during the Early to Middle Pleistocene transition. This time interval recorded at Vallparadís coincides with major climatic changes at a global scale (the Middle Pleistocene Transition), which had important effects on the composition of mammalian assemblages. The remains recovered from the latest Early Pleistocene layers of the Vallparadís section show that most of the components of the Villafranchian carnivore guild survived until close to the Brunhes-Matuyama boundary (probably until the interglacial stage 21), which might have significantly influenced the foraging strategies of early Homo in Europe. On the other hand, the remains of the straight-tusked elephant, Elephas (Palaeoloxodon) antiquus, from the latest Early Pleistocene layers of Vallparadís represent the earliest European record of this species, indicating that the dispersal of African elements into Europe during the Middle Pleistocene Transition began earlier than previously thought, at close to 1 Ma. © 2010 Elsevier Ltd.</subfield>
   </datafield>
   <datafield ind1="8" ind2=" " tag="024">
      <subfield code="a">J. Madurell-Malapeira, R. Minwer-Barakat, D.M. Alba, M. Garcés, M. Gómez, J. Aurell-Garrido, S. Ros-Montoya, S. Moyà-Solà, X. Berástegui, 2010, The Vallparadís section (Terrassa, Iberian Peninsula) and the latest Villafranchian faunas of Europe, Quaternary Science Reviews, Volume 29, Issues 27–28, Pages 3972-3982,</subfield>
   </datafield>
   <datafield ind1="8" ind2=" " tag="024">
      <subfield code="a">https://hdl.handle.net/10630/37480</subfield>
   </datafield>
   <datafield ind1="8" ind2=" " tag="024">
      <subfield code="a">10.1016/j.quascirev.2010.09.020</subfield>
   </datafield>
   <datafield tag="653" ind2=" " ind1=" ">
      <subfield code="a">Fauna - Vallparadís (Terrassa, Península Ibérica)</subfield>
   </datafield>
   <datafield ind2="0" ind1="0" tag="245">
      <subfield code="a">The Vallparadís section (Terrassa, Iberian Peninsula) and the latest Villafranchian faunas of Europe</subfield>
   </datafield>
</record>
</metadata></record></GetRecord></OAI-PMH>